000 01509nam a2200373 c 4500
003 BLK
005 20240731112705.0
008 180408b bul|||||r ||||||| ||bul||
010 _aKNG00094881000
040 _aBLK
041 _aBUL
_cBUL
080 _aОпера, музикална драма - изпълнители
_b782.1.071.2
_x(497.2)(092)
_z782.1.071.2(497.2)(092)
080 _aБългарска оперна певица
_b929 Морфова, Христина Василева
_z929 Морфова, Христина Василева
100 1 _aМорфов, Богдан Мирчев
_eпърви автор
_9260257
139 _aМорфов, Богдан Мирчев
_bМ 90
245 1 0 _aНезабравимата Христина Морфова
_bБиогр.
_cБогдан Мирчев Морфов.
257 _aBGR
260 _bМузика
_c1978
_fЯмбол : Г. Димитров
_aСофия
300 _a247 с., 8 л.
_bил., портр.
_c20 см
380 _a7
600 1 4 _aМорфова, Христина Василева
_d1889 - 1936
_9222779
653 _aоперни певци
653 _aбиографии
653 _aХристина Морфова
653 _aсопрани
852 _aЦб 94894
856 4 _qpdf
_i0.00
_ldisable
856 4 _qpdf
_i0.00
_ldisable
942 _cKNG
_n0
_01
_s1
944 _aCR
_c19.03.2010
_k30545
_lНора Радева
944 _aED
_c12.08.2011
999 _c90154
_d90154
999 _d90154
999 _d90154